Technické služby čaká radikálna zmena gelnickí poslanci im neschválili rozpočet

Bibliographic Details
Main Author: Karasová, Erika, 1973- (Author)
Format: Article
Language:Slovak
PhysicalDescription:Fotogr.
ISSN:1335-7590
Subjects:

MARC

LEADER 00000nab a2200000 ar4500
001 vtls009955720
003 SK-MaSNL
005 20260303050218.0
008 091001c20081230xo mr|p|||||||000 b|slo
038 |a SNSK 
040 |b slo  |c SNSK  |e AACR2 
041 |a slo 
044 |a xo  |c SK 
080 |a 334.724.2  |2 2001 
080 |a 352  |x (437.67)  |2 2001 
080 |a 336.142.5  |2 2001 
100 1 |a Karasová, Erika,  |d 1973-  |4 aut  |9 89869 
245 1 0 |a Technické služby čaká radikálna zmena  |b gelnickí poslanci im neschválili rozpočet  |c Erika Karasová 
300 |b Fotogr. 
610 1 7 |a Gelnica (Slovensko).  |b Mestské zastupiteľstvo  |2 snsk  |9 94949 
610 2 7 |a Technické služby (Gelnica, Slovensko)  |2 snsk  |9 99660 
650 0 7 |a verejný rozpočet  |2 snsk  |9 1038039 
650 0 7 |a neschválenie  |2 snsk  |9 877841 
651 7 |a Gelnica (Slovensko)  |2 snsk  |9 16801 
773 0 |t Spišský Korzár  |g Roč. X., č. 299 (30.12.2008), s. 2  |x 1335-7590 
852 |a SNSK  |b KIS3GCP 
999 |c 1706621  |d 1708551